Quiz do Panamá - Statistics

Estatísticas Gerais
  • Esse quiz foi jogado 1 364 vezes
  • A pontuação média é 8 de 16
Estatísticas das Respostas
Dica Resposta % Correto
Língua oficial Espanhol
94%
Capital Cidade do Panamá
93%
Países fazendo fronteira com o Panamá Colômbia
91%
Países fazendo fronteira com o Panamá Costa Rica
91%
Moedas oficiais Dólar
85%
Os Estados Unidos construíram isto no Panamá entre 1904 e 1914 Canal do Panamá
74%
Mar no norte do Panamá Caribe
72%
Um dos quatro países que têm mais arranha-céus per capita que o Panamá Mônaco | Emirados Árabes Unidos | Singapura | Catar
68%
País que também tentou fazer o acima, mas falhou França
45%
Esporte nacional Basebol
40%
Moedas oficiais Balboa
19%
Região florestada que tornaimpossível atravessar da América do Sul para a América do Norte de carro Tampão de {Darién}
17%
Ditador deposto em 1989 Manuel Noriega
16%
Pirata galês que saqueou a capital em 1671 Henry Morgan
10%
Presidente Laurentino Cortizo
10%
Rio mais longo Rio Chagres
7%
Nenhum quiz correspondente encontrado
Distribuição das Pontuações
Porcentagem de Pessoas com Cada Pontuação
Percentil de Números Respondidos
Sua Pontuação Histórica
Você não jogou esse quiz